| 000 | 00554nam a22001932 4500 | ||
|---|---|---|---|
| 001 | 0000006239 | ||
| 005 | 20151021151109.0 | ||
| 008 | 070928s xx 000 0 eng d | ||
| 040 |
_aKABU _cKABU |
||
| 100 | 1 |
_aDale, Nell B. _@0000117106 |
|
| 245 | 1 | 0 | _aC++ plus data structures. |
| 250 | _a3rd ed. | ||
| 260 |
_aBoston : _bJones and Bartlett, _c2003. |
||
| 300 | _axvi, 816 p. | ||
| 650 | 0 |
_aC++ (Computer program language) _@0000154344 |
|
| 908 | _a070928 | ||
| 950 | _@1 | ||
| 999 |
_c643 _d643 |
||